000 00531nam a2200181Ia 4500
001 9173
005 20260306160704.0
008 260306t2005||||xx |||||||||||||| ||spa||
041 _aESP
082 _a374.025
_bP48 V. 4
100 _aThomson Peterson's
_eAUT
245 0 _aPeterson´s graduate programs in the physical sciences, mathematics, agricultural sciences, the environment & natural resources
260 _c2005
300 _a833 páginas :
_c28 cm.
650 _aGEN
654 _aCED
942 _cLIB
_dJUS
_fJUS
_2ddc
_n
999 _c9173
_d9173